[Event "BCF-ch U10 rapid"]
[Site "Hull"]
[Date "2024.07.26"]
[Round "2"]
[White "Cao, Handuo"]
[Black "Sriram, Gautam"]
[Result "0-1"]
[WhiteElo "1406"]
[BlackElo "1547"]
[PlyCount "118"]
[EventDate "2024.07.26"]
[EventType "swiss (rapid)"]
[EventRounds "9"]
[EventCountry "ENG"]
[SourceTitle "CBM 221 Extra"]
[Source "ChessBase"]
[SourceDate "2024.09.30"]
[SourceVersion "1"]
[SourceVersionDate "2024.09.30"]
[SourceQuality "1"]

1. e4 d5 2. exd5 Qxd5 3. Nc3 Qa5 4. Nf3 Bf5 5. d4 c6 6. Bc4 Nf6 7. Be3 e6 8. 0-0 Bd6 9. Re1 0-0 10. h3 Qc7 11. Qd2 Nbd7 12. Rad1 Rfd8 13. Ne5 Bxe5 14. dxe5 Nxe5 15. Qe2 Nxc4 16. Qxc4 Bxc2 17. Rc1 Bg6 18. Nb5 Qd7 19. Rcd1 cxb5 20. Rxd7 bxc4 21. Rxd8+ Rxd8 22. Bxa7 h6 23. Bb6 Rc8 24. Bd4 b5 25. Bc3 Nd5 26. Be5 b4 27. Bd4 c3 28. bxc3 bxc3 29. Rc1 c2 30. Kf1 Rb8 31. Ke2 Rb1 32. Kd2 Rxc1 33. Kxc1 Nf4 34. Bb2 Nd3+ 35. Kxc2 Nxb2+ 36. Kxb2 Kf8 37. Kb3 Ke7 38. Kc4 Kd6 39. Kd4 e5+ 40. Kc4 Be4 41. f3 Bd5+ 42. Kd3 Bxa2 43. Ke4 g6 44. f4 f5+ 45. Kf3 Bd5+ 46. Kg3 e4 47. Kf2 Kc5 48. Ke3 Kc4 49. g3 h5 50. h4 Kc3 51. Ke2 Bc4+ 52. Ke3 Bd3 53. Kf2 Kd2 54. Kg1 e3 55. Kg2 e2 56. g4 e1Q 57. g5 Be4+ 58. Kh3 Qf1+ 59. Kg3 Qg2# 0-1

[Event "BCF-ch U10 blitz"]
[Site "Hull"]
[Date "2024.07.25"]
[Round "9"]
[White "Ewart, Thomas"]
[Black "Cao, Handuo"]
[Result "1-0"]
[WhiteElo "1555"]
[BlackElo "1239"]
[PlyCount "87"]
[EventDate "2024.07.25"]
[EventType "swiss (blitz)"]
[EventRounds "9"]
[EventCountry "ENG"]
[SourceTitle "CBM 221 Extra"]
[Source "ChessBase"]
[SourceDate "2024.09.30"]
[SourceVersion "1"]
[SourceVersionDate "2024.09.30"]
[SourceQuality "1"]

1. e4 e5 2. Nf3 Nc6 3. d4 exd4 4. Nxd4 Nxd4 5. Qxd4 Nf6 6. e5 Qe7 7. Bg5 c5 8. Qe3 d5 9. exf6 Qxe3+ 10. fxe3 gxf6 11. Bxf6 Rg8 12. Nc3 Be6 13. Nb5 Rc8 14. g3 a6 15. Nc3 Bd6 16. Bg2 Kd7 17. Nxd5 Rge8 18. Nb6+ Kc7 19. Nxc8 Rxc8 20. 0-0-0 Re8 21. Bxb7 Bg4 22. Rd3 c4 23. Rd4 Bc5 24. Rxg4 Kxb7 25. Rg7 Bxe3+ 26. Kd1 Re6 27. Rxf7+ Kb6 28. Re7 Rd6+ 29. Ke2 Rxf6 30. Rxe3 Rd6 31. Rd1 Rh6 32. h4 Rf6 33. Rd4 Kc5 34. Ree4 Rg6 35. Rxc4+ Kd5 36. Kf3 Rf6+ 37. Ke3 Rg6 38. g4 h5 39. g5 a5 40. Rf4 Re6+ 41. Kf3 Rg6 42. Rcd4+ Ke5 43. Rfe4+ Kf5 44. Rd5# 1-0

[Event "BCF-ch U10 blitz"]
[Site "Hull"]
[Date "2024.07.25"]
[Round "1"]
[White "Prabhakaran, Anvikkashri"]
[Black "Cao, Handuo"]
[Result "1/2-1/2"]
[WhiteElo "1620"]
[BlackElo "1239"]
[PlyCount "70"]
[EventDate "2024.07.25"]
[EventType "swiss (blitz)"]
[EventRounds "9"]
[EventCountry "ENG"]
[SourceTitle "CBM 221 Extra"]
[Source "ChessBase"]
[SourceDate "2024.09.30"]
[SourceVersion "1"]
[SourceVersionDate "2024.09.30"]
[SourceQuality "1"]

1. d4 d5 2. c4 e6 3. Nc3 Nc6 4. Nf3 Nf6 5. Bf4 Be7 6. e3 0-0 7. Be2 Re8 8. 0-0 h6 9. a3 a6 10. h3 b6 11. cxd5 exd5 12. Ne5 Bb7 13. Bd3 Bd6 14. Nxc6 Bxc6 15. Bxd6 Qxd6 16. Re1 Rad8 17. Rc1 b5 18. Qc2 Rc8 19. e4 dxe4 20. Nxe4 Qxd4 21. Nxf6+ gxf6 22. Rxe8+ Rxe8 23. Qxc6 Re6 24. Qc3 Qf4 25. Qxc7 Re1+ 26. Rxe1 Qxc7 27. Re8+ Kg7 28. Re3 Qc1+ 29. Kh2 Qc7+ 30. Rg3+ Kf8 31. Kg1 Qc1+ 32. Kh2 Qc7 33. Kg1 Qc1+ 34. Kh2 Qc7 35. Kg1 Qc1+ 1/2-1/2